1485 1668 1528 1386 1783 1183 1266 1148 1776 1432 1292 1304 1972 1505 1531 1341 1517 1014 1725 1140 1854 1149 1418 1246 1131 1046 1485 1765 1005 1402 1530 1553 1751 1093 1969 1984 1557 1943 1430 1169 1867 1985 1566 1808 1019 1108 1953 1598 1228 1179 1926 1018 1294 1458 1150 1285 1844 1368 1020 1982 1386 1590 1750 1041 1880 1174 1382 1287 1155 1401 1373 1322 1958 1627 1868 1017 1698 1591 1797 1426 1852 1481 1795 1911 1515 1255 1999 1105 1268 1933 1341 1389 1558 1487 1612 1030 1514 1699 1280 BCNSPRNW ULIB Ver.6.0+V

เปลี่ยนเป็นภาษาไทย

Change to English
 แสดงรายละเอียดบรรณานุกรม
  กลับหน้าหลัก

Brief Record : Get Marc (ISO 2709) : E-mail record : QR code < ปิดหน้าต่าง
LEADER : 00000nam 2200000uu 4500
001    13399127946
003     ULIB
008    211116s2021||||th 000 0 tha d
020    ^a9781975160173
060 04 ^aQV55^bF826A
100 1  ^aFrandsen, Geralyn
245 10 ^aAbram s Clinical drug therapy :^brationales for nursing practice /^cGeralyn Frandsen,Sandra Smith Pennington
246 30 ^aAbram s clinical drug therapy :^brationales for nursingpractice
250    ^a12th ed.
260    ^aPhiladelphia, Pa. :^bWolters Kluwer Health/LippincottWilliams & Wilkins, ^c2021
300    ^aviii, 1266 p. ;^c28 cm.
650  0 ^aChemotherapy^vProblems, exercises, etc.
650  0 ^aDrugs^vProblems, exercises, etc.
650  0 ^aNursing^vProblems, exercises, etc.
650  2 ^aPharmaceutical Preparations^vnurses instruction^vproblems
650  2 ^aDrug Therapy^vnurses instruction^vproblems
700 1  ^aPennington Smith Sandra
945    ^p2235^l0^i008534
999    ^aประนอม เกษจรัล
รายการนี้ยังไม่มีแท็ก
คุณยังไม่ได้ล็อกอิน คุณสามารถมีกิจกรรมร่วมกับเว็บไซต์ได้ แต่ต้องล็อกอินก่อน ::
  ล็อกอิน

รายการสื่อสารสนเทศ

ลำดับที่ ประเภท เลขเรียก/บาร์โค้ด สถานที่ สถานะ
1. วิทยาศาสตร์การแพทย์ และสุขภาพ
หนังสือสำรอง
สถานะ=หนังสือสำรอง
QV55 F826A ฉ.1 
  Barcode: 008534
ห้องสมุดวิทยาเขตสวรรค์ประชารักษ์
►หนังสือทั่วไป
บนชั้น

BibComment


ยังไม่เคยถูกคอมเมนท์

คอมเมนท์ทรัพยากรรายการนี้
  คอมเมนท์: Abram s Clinical..


 Copyright 2026. Bcnsprnw @Library